Észrevételek a földteher-rendezési törvényhez III. A pénzintézetek előjogai /

Elmentve itt :
Bibliográfiai részletek
Szerző: Glücksthal Andor
Dokumentumtípus: Cikk
Megjelent: 1931
Sorozat:Polgári jog : a hazai és külföldi magánjog és hiteljog szemléje 7
Kulcsszavak:Gazdasági jog pénzintézetek, Hiteljog jelzálog jogi szabályozás 1931, Földügy Magyarország 1931
Online Access:http://misc.bibl.u-szeged.hu/15004
LEADER 00752nab a2200169 i 4500
001 misc15004
005 20191106142534.0
008 170607s1931 hu o 0|| hun d
040 |a SZTE Miscellanea Repozitórium  |b hun 
041 |a hun 
100 1 |a Glücksthal Andor 
245 1 0 |a Észrevételek a földteher-rendezési törvényhez   |h [elektronikus dokumentum] :  |b III. A pénzintézetek előjogai /  |c  Glücksthal Andor 
260 |c 1931 
300 |a 121-130b 
490 0 |a Polgári jog : a hazai és külföldi magánjog és hiteljog szemléje  |v 7 
695 |a Gazdasági jog pénzintézetek, Hiteljog jelzálog jogi szabályozás 1931, Földügy Magyarország 1931 
856 4 0 |u http://misc.bibl.u-szeged.hu/15004/1/polgari_jog_1931_121-130b.pdf  |z Dokumentum-elérés